Enfermedades del conejo y de la liebre /
Guardado en:
| Autor Principal: | |
|---|---|
| Otros Autores: | |
| Formato: | Libro |
| Publicado: |
Zaragoza :
Acribia,
1974
|
| Materias: | |
| Etiquetas: |
Agregar Etiqueta
Sin Etiquetas, Sea el primero en etiquetar este registro!
|
| LEADER | 00930nam a22002415a 4500 | ||
|---|---|---|---|
| 001 | CEM.cems015948 | ||
| 005 | 20090903180358.0 | ||
| 008 | 130507s1974##################000#0#####d | ||
| 003 | CEMS | ||
| 020 | |a 8420003409 | ||
| 082 | 0 | 4 | |a 636.9 |
| 100 | 1 | |a Kötsche, Wolfgang | |
| 245 | 1 | 0 | |a Enfermedades del conejo y de la liebre / |c Wolfgang Kötsche, Cord Gottschalk |
| 260 | |a Zaragoza : |b Acribia, |c 1974 | ||
| 300 | |a 299 p. | ||
| 505 | 0 | |a Taxonomía -- Importancia económica -- El conejo sano -- Características de la reproducción -- Características de la alimentación -- Enfermedades del conejo -- Enfermedades y otras causas de bajas en las liebres -- Daños y pérdidas de origen ambiental | |
| 653 | |a Conejos-enfermedades | ||
| 653 | |a Conejos | ||
| 653 | |a Cunicultura | ||
| 653 | |a Liebres | ||
| 653 | |a Conejos-alimentación | ||
| 700 | 1 | |a Gottschalk, Cord | |
| 859 | |a CEMS |b BIB. CEMS - Agricultura |h 636.9 |i K848 |p A16167.91 |t Ej.1 | ||
